| 000 | 00553nam a22001817a 4500 | ||
|---|---|---|---|
| 999 |
_c14388 _d14388 |
||
| 003 | AR-CdUCM | ||
| 008 | 190423b ||||| |||| 00| 0 spa d | ||
| 040 |
_aMUNICIPALIDAD PROVINCIAL DEL CUSCO _cBIBLIOTECA MUNICIPAL DEL CUSCO |
||
| 082 |
_22ed. _aPI / 398 / _bU58 |
||
| 110 |
_aUnicef _99438 |
||
| 245 | _aÑawpa yachaymanta / | ||
| 260 |
_aQusqu : _bCeprosi, _c2008. |
||
| 300 |
_a15 páginas ; _bIlustraciones, _c21 cm. |
||
| 650 |
_aLiteratura infantil _9588 |
||
| 650 |
_aCuentos infantiles _93927 |
||
| 942 |
_2ddc _cLIBROS |
||
| 945 |
_aacv _d2019-04-23 |
||